00494 a2200181 450000100060000002000180000604000370002410000320006124000280009324500230012130000070014436200090015144000120016065000170017294200070018995200990019699900170029574293 a85-16-03903-X cAnchieta - Colégio São Paulo aMantoan, Maria teresa Egler10aInclusão escolarlpor10aInclusão escolar a950 a2003 1aModerna 4aEducação cBK 00104070a88.1b88.1d2023-11-22l0o370 M293p4853/CSPr2023-11-22 14:31:10w2023-11-22yBK c74293d74293